00728 2200253 4500001002100000005001700021008004100038020001800079035002400097090001500121100002500136245012700161250001100288260003700299300002200336500001100358650001400369700002700383850001500410980001300425985000600438999001500444999001500459YOGYA-0209000001397420090227022355.0 ind  a979-514-925-3 0010-020900000013974 a144bFat P aFATAH, Eep Saefulloh aProvokasi awal abadbmembangun panca daya merebut kembali kemanusiaancEep Saefulloh Fatah ; editor, Sarah Santi Saefulloh aCet. 1 aBandungbRemaja Rosdakaryac2000 axv, 91 hlmc19 cm aIndeks aHumanisme aSaefulloh, Sarah Santi aYOPDYOG(B) a11-07-05 a2 a00P0005238 a00P0005239